Quiz sur Le Porge - Statistiques

Statistiques générales
  • Ce quiz a été pris 5 fois
  • Le résultat moyen est 10 sur 24
Statistiques - réponses
Question Réponse % Correct
Sport nautique très présent sur la côte atlantique et dontLe Porge est un spot réputé surf
100%
Homme monté sur des "tchanques" autrefois courants dans lePaysage Landais Echassier
75%
Signification du nom "Le Porge" Le porche/La porte
75%
Chemin sur lequel elle se trouvait. Ce chemin existe toujourset passe par plusieurs endroits dans toute la France Saint-Jacques de Compostelle
75%
Anciennement un village très riche, cette catastrophe quieu lieu en 1989 ruine le village, ce qui le marquera longtemps, et encore aujourd'hui Incendie
50%
Plages du porge La Jenny
50%
Villes avec lesquelles est jumelée Le Porge Laruns
50%
Plages du porge Le Gressier
50%
Il est l'un des premiers villages des alentours à l'avoir installéeet l'a même financé aux communes de lège et arès à l'époque L'électricité
50%
Canal reliant le lac d'Hourtin au Bassin d'Arcachon et passantsur le territoire de la commune Canal des étangs
25%
Ecrivain, historien et longtemps résinier porgeais ayantbeaucoup écrit sur cette pratique Claude Courau
25%
Nom du lieu où se trouvait l'ancienne église avant sa reconstruction à l'endroit actuel en 1662 Gleyze-vieille
25%
Plages du porge La Cantine Nord
25%
Vaste domaine de 3000ha s'étalant de Audenge au Porge,anciennement propriété des Wallerstein et sur lequel Paul Wallerstein décède en 1913 La Saussouze
25%
Activité principale des porgeais depuis la plantation massivede pins sur le territoire des landes de gascogne Le gemmage
25%
Arbre emblématique de la commune, agé d'environ 150 ans Le Platane
25%
Ancien nom du village Le Porge en Buch
25%
Peuple établit sur le Bassin d'Arcachon pendant l'époque Gallo-romaine et qui donne son nom à l'ancien nom
du village et aux communes de La Teste et Biganos aujourd'hui
Les Boïates
25%
Autre peuple de la même époque établit au Nord du village ayant Le Porge comme limite avec les précédents.
Ils donnent leur nom au Médoc
Les Médules
25%
Nom Gascon du village Lo Pòrge
25%
Origine de la richesse de la commune pendant la périodeindustrielle (un seul mot) Procès gagné contre l'Etat deNapoléon III
25%
Saint-Patron du village Saint-Seurin
25%
Villes avec lesquelles est jumelée Le Porge Soito
25%
Villes avec lesquelles est jumelée Le Porge Trégourez
25%
Aucun quiz correspondant
Distribution des résultats
% des personnes avec chaque résultat
Percentile par nombre de réponses
Votre historique - résultats
Vous n’avez pas pris ce quiz